Statistics for Countries and Territories with Coins minted by Communist Countries

Click here to take the quiz!

General Stats

  • This quiz has been taken 10 times
    (4 since last reset)
  • The average score is 30 of 47

Answer Stats

Answer% Correct
Albania
100%
Algeria
100%
Argentina
100%
Bulgaria
100%
Cambodia
100%
China
100%
Czechoslovakia
100%
Ethiopia
100%
Guinea
100%
Hungary
100%
Laos
100%
Mongolia
100%
Myanmar
100%
North Korea
100%
Republic of the Congo
100%
Romania
100%
Soviet Union
100%
Thailand
100%
Vietnam
100%
Yugoslavia
100%
Afghanistan
67%
Bangladesh
67%
Cuba
67%
East Germany
67%
Greece
67%
Iran
67%
Malaysia
67%
Maldives
67%
Mali
67%
Nepal
67%
Poland
67%
Barbados
33%
Benin
33%
Brazil
33%
Cook Islands
33%
Finland
33%
Guatemala
33%
Mauritania
33%
Mozambique
33%
Sri lanka
33%
Cape Verde
0%
Macau
0%
Somaliland
0%
Tannu Tuva
0%
Togo
0%
Tunisia
0%
Western Sahara
0%

Score Distribution

Percentile by Number Answered

Percent of People with Each Score

Your Score History

You have not taken this quiz since the last reset